| 000 | 00704nam a2200217 a 4500 | ||
|---|---|---|---|
| 999 |
_c9989 _d9989 |
||
| 001 | 9989 | ||
| 003 | BD-JhCC | ||
| 005 | 20180404101052.0 | ||
| 008 | 171012s1961 bg |||| ||a| 000 0 ben d | ||
| 035 | _a(BD-JhCC)9989 | ||
| 040 |
_aBD-JhCC _dBD-JhCC |
||
| 041 | _aben | ||
| 082 |
_a891.4415 _bISL 1961 |
||
| 100 | _aইসলাম, ডক্টর মযহারুল | ||
| 245 |
_aকবি হেয়াত মামুদ / _cডক্টর মযহারুল ইসলাম |
||
| 260 |
_aরাজশাহী : _bমুস্তাফা নুরউল ইসলাম, _c1961. |
||
| 300 |
_aVerius p. : _c24 cm. |
||
| 650 | _aPoetry | ||
| 942 |
_2ddc _cBK |
||